Quản trị kinh doanh viễn thông theo hướng hội nhập kinh tế quốc tế

Bewaard in:
Bibliografische gegevens
Hoofdauteur: Bùi, Xuân Phong
Formaat: Boek
Taal:Undetermined
Gepubliceerd in: Hà Nội Bưu điện 2006
Onderwerpen:
Tags: Voeg label toe
Geen labels, Wees de eerste die dit record labelt!
Thư viện lưu trữ: Trung tâm Học liệu Trường Đại học Cần Thơ
LEADER 00644nam a2200205Ia 4500
001 CTU_128843
008 210402s9999 xx 000 0 und d
020 |c 50000 
082 |a 384.042086 
082 |b Ph431 
100 |a Bùi, Xuân Phong 
245 0 |a Quản trị kinh doanh viễn thông theo hướng hội nhập kinh tế quốc tế 
245 0 |c Bùi Xuân Phong 
260 |a Hà Nội 
260 |b Bưu điện 
260 |c 2006 
650 |a Telecommunication 
650 |x Equipment and supplies,Economic aspects 
904 |i Tuyến 
980 |a Trung tâm Học liệu Trường Đại học Cần Thơ